Der Richter und sein Henker

সংরক্ষণ করুন:
গ্রন্থ-পঞ্জীর বিবরন
প্রধান লেখক: Dürrenmatt, Friedrich
বিন্যাস: গ্রন্থ
ভাষা:Undetermined
প্রকাশিত: Hamburgo, Alemania Rowohlt 1978
সংস্করন:11
বিষয়গুলি:
ট্যাগগুলো: ট্যাগ যুক্ত করুন
কোনো ট্যাগ নেই, প্রথমজন হিসাবে ট্যাগ করুন!

MARC

LEADER 00000nam a2200000Ia 4500
008 170316s9999 xx 000 0 und d
040 |a cru BVZT 
090 |a 830 D-4d 
100 |a Dürrenmatt, Friedrich 
245 |a Der Richter und sein Henker 
250 |a 11 
260 |a Hamburgo, Alemania 
260 |b Rowohlt 
260 |c 1978 
300 |a 117páginas 
650 |a LITERATURA ALEMANA 
999 |c 7305  |d 7305 
942 |c 15 D  |h 830 D-4d  |2 z